History Quiz

Random History or Letter Quiz

Emperors of Rome by ANY 3 Letters Quiz Stats

Quiz Updated Jun 2, 2015

Also try: Roman Enemies
Challenge
Share
Tweet
Embed
Score 0/76 Timer 06:00
4 Plays Today
Reigned Emperor % Correct
305-306Constantius I Chlorus
92%
193Didius Julianus
91.9%
161-180Marcus Aurelius
91.1%
268-270Claudius II Gothicus
90.3%
41-54Claudius
89.4%
14-37Tiberius
88.8%
27 BCE-14Augustus
88.7%
324Martinianus
88.5%
360-363Julian the Apostate
87.6%
305-311Galerius
86.4%
138-161Antoninus Pius
86.2%
193-211Septimius Severus
85.8%
54-68Nero
85.5%
316-317Valerius Valens
84.8%
235-238Maximinus I Thrax
84.4%
306-307Flavius Valerius Severus
84.4%
310-312Maximinus II Daia
84.3%
306-312Maxentius
84.1%
117-138Hadrian
83.2%
69Vitellius
82%
379-395Theodosius I the Great
81.5%
364-375Valentinian I
81.2%
375-392Valentinian II
81.2%
251Herennius Etruscus
80.6%
253-260Valerian
80.6%
161-169Lucius Verus
80.5%
69-79Vespasian
80.2%
306-337Constantine I the Great
79.9%
337-340Constantine II
79.7%
337-361Constantius II
79.7%
286-305Maximian
79.7%
307-308Maximian
79.7%
393-395Honorius
78.9%
383-395Arcadius
78.7%
284-305Diocletian
78.7%
308-324Licinius
78.1%
249-251Decius
78%
81-96Domitian
78%
Reigned Emperor % Correct
260Saloninus
77.1%
96-98Nerva
76.7%
270-275Aurelian
76.7%
251-253Trebonianus Gallus
76.3%
253Aemilianus
76.1%
251-253Volusianus
75.7%
198-217Caracalla
74.6%
222-235Alexander Severus
72.9%
238Gordian I
72.9%
238Gordian II
72.9%
238-244Gordian III
72.9%
283-284Numerian
72.7%
253-268Gallienus
72.6%
367-383Gratian
71.8%
251Hostilian
71.7%
218Diadumenian
71.4%
276Florian
71.1%
37-41Caligula
71%
363-364Jovian
70.6%
79-81Titus
69.4%
282-285Carinus
67.7%
337-350Constans
66.2%
282-283Carus
63.5%
217-218Macrinus
62%
238Balbinus
62%
238Pupienus
59.9%
275-276Tacitus
59.9%
364-378Valens
57.1%
218-222Elagabalus
56.7%
270Quintillus
51.1%
177-192Commodus
46.2%
98-117Trajan
43.8%
68-69Galba
42.1%
192-193Pertinax
39%
69Otho
32.6%
276-282Probus
29.4%
244-249Philip the Arab
24.2%
209-211Geta
14.4%

You're not logged in!

Compare scores with friends on all Sporcle quizzes.
Sign Up with Email
OR
Log In

You Might Also Like...

Show Comments

Extras

Top Quizzes Today


Score Distribution

Your Account Isn't Verified!

In order to create a playlist on Sporcle, you need to verify the email address you used during registration. Go to your Sporcle Settings to finish the process.